000 00751cam a2200229 04500
001 46281
090 _a46281
100 _a19860811d1986 k y0pory5003 ba
101 1 _apor
102 _aPT
200 1 _aO abuso psiquiátrico na União Soviética
_euma nódoa no mundo da psiquiatria
_fSidney Bloch, Peter Reddaway
_gtrad. Maria da Luz Mota Veiga
210 9 _aMem Martins
_cPublicações Europa-América,
_d[D.L. 1986]
215 _a263, [8] p. il.
_cil.
_d21 cm
225 2 _aEstudos e documentos
_v216
304 _aTít. orig. Soviet psychiatric abuse
675 _a32(470+571)
675 _a616
_vmed
_zpor
700 1 _aBloch,
_bSidney
701 1 _aReddaway,
_bPeter
_4070
702 1 _aVeiga,
_bMaria da Luz Mota
_4730
801 0 _aPT
_bBN
_gRPC
990 _cLIVROS